5 most visited countries by continent - Statistics

General Stats
  • This quiz has been taken 446 times
  • The average score is 19 of 25
Answer Stats
Hint Answer % Correct
84 M France
99%
69 M United States
98%
55 M China
97%
47 M Italy
97%
24 M Mexico
97%
60 M Spain
96%
16 M Canada
95%
31 M Germany
95%
6.3 M Australia
93%
9.5 M South Africa
89%
9.1 M Egypt
88%
2.6 M New Zealand
88%
26 M Thailand
81%
10 M Morocco
78%
5.8 M Brazil
75%
0.6 M Fiji
72%
12 M South Korea
71%
37 M Turkey
70%
5.5 M Argentina
69%
0.1 M Papua New Guinea
58%
6.2 M Tunisia
57%
0.1 M Samoa
55%
25 M Malaysia
53%
13 M Saudi Arabia
51%
1.8 M Mozambique
15%
No matching quizzes found
Score Distribution
Percent of People with Each Score
Percentile by Number Answered
Your Score History
You have not taken this quiz